000
00377nam a22001577a 4500
003
MPLRDC
005
20220104123537.0
008
210129b ||||| |||| 00| 0 eng d
082
_a
411.3 XZC
100
_a
徐之才编
245
_a
食物纤维与健康
_c
260
_a
香港
_b
百成出版社
_c
300
_b
184
650
_a
营养与食品
942
_c
BK
_o
411.3 XZC
999
_c
12257
_d
12247